000 00825nam a2200205 i 4500
001 127680
003 ES-MaACL
005 20250418063156.0
007 t|
008 070214s1965 sp r ||||1| spa d
100 1 _aRiquer, Martín de,
_d1914-2013
_9240061
245 1 0 _aVida caballeresca en la España del siglo XV
_b: discurso leído el día 16 de mayo de 1965 en su recepción pública /
_cpor el Excmo. Sr. Don Martín de Riquer ; y contestación del Excmo. Sr. Don Dámaso Alonso.
260 _aMadrid :
_bReal Academia Española,
_c1965.
300 _a143 p. ;
_c22 cm.
650 0 4 _aCaballeros y caballería-
_zEspaña-
_vHistoria.
_910656
700 1 _aAlonso, Dámaso,
_d1898-1990
_920195
710 2 _aReal Academia Española
_96336
852 _aES-MaACL
_jC-27353
_bR.56384
999 _c127680
_d127680